Semelhança não é mera coincidência (Record no. 70864)

MARC details
000 -LÍDER
campo de controle de tamanho fixo 00376 a2200157 4500
001 - NÚMERO DE CONTROLE
campo de controle 70864
020 ## - ISBN - INTERNATIONAL STANDARD BOOK NUMBER
ISBN - International Standard Book Number 852621506X
040 ## - FONTE DA CATALOGAÇÃO
Instituição que transcreveu o registro Anchieta - Itaigara
100 ## - ENTRADA PRINCIPAL--NOME PESSOAL
Nome pessoal Machado,Nílson josé
240 10 - TÍTULO UNIFORME
Título uniforme Semelhança não é mera coincidência
Idioma da obra por
245 10 - TÍTULO
Título Semelhança não é mera coincidência
300 ## - DESCRIÇÃO FÍSICA
Extensão 39
362 0# - DATAS DE PUBLICAÇÃO E/OU DESIGNAÇÃO SEQUENCIAL
Datas de publicação e/ou designação sequencial 2000
650 #4 - ASSUNTO--TERMO TÓPICO
Cabeçalho tópico ou nome geográfico Matemática
942 ## - ELEMENTOS DE ENTRADA ADICIONADOS (KOHA)
Tipo de material Koha Livros
Holdings
Situação do descarte Situação das perdas Situação física Não pode ser emprestado Biblioteca de origem Biblioteca atual Data de aquisição Total de empréstimos Código de barras Data de último acesso Data do preço efetivo Tipo de material Koha
        Colégio São Paulo Colégio São Paulo 21/11/2023   4623/ITA 21/11/2023 21/11/2023 Livros
        Colégio São Paulo Colégio São Paulo 21/11/2023   4624/ITA 21/11/2023 21/11/2023 Livros